ბათუმის შოთა რუსთაველის სახელმწიფო უნივერსიტეტის ბიბლიოთეკა

თხზულებათა სრული კრებული 18 ტომად ტ.1 ლექსები. 1856–1879. (ბიბ.ჩანაწერი № 35814)

000 -LEADER
fixed length control field 01017nam a2200229Ia 4500
001 - CONTROL NUMBER
control field 1703
003 - CONTROL NUMBER IDENTIFIER
control field GE_BSU
008 - FIXED-LENGTH DATA ELEMENTS--GENERAL INFORMATION
fixed length control field 181216s||||||||xx |||||||||||||| ||und||
020 ## - INTERNATIONAL STANDARD BOOK NUMBER
International Standard Book Number 5529011977
040 ## - CATALOGING SOURCE
Transcribing agency GE_BSU
080 ## - UNIVERSAL DECIMAL CLASSIFICATION NUMBER
Universal Decimal Classification number 821.353.1–1+821.353.1-1
100 ## - MAIN ENTRY--PERSONAL NAME
Personal name წერეთელი, აკაკი
245 ## - TITLE STATEMENT
Title თხზულებათა სრული კრებული 18 ტომად ტ.1 ლექსები. 1856–1879.
245 ## - TITLE STATEMENT
Statement of responsibility, etc. სარედ.კოლ.სარგის ცაიშვილი. რედ. ზურაბ ჭუმბურიძე. ტომი გამოსაც. მოამზ.ეთერ შარაშენიძემ. მხატვ. ზ. ფორჩხიძე
260 ## - PUBLICATION, DISTRIBUTION, ETC.
Place of publication, distribution, etc. თბოლისი
260 ## - PUBLICATION, DISTRIBUTION, ETC.
Name of publisher, distributor, etc. საქართველო
260 ## - PUBLICATION, DISTRIBUTION, ETC.
Date of publication, distribution, etc. 1991
300 ## - PHYSICAL DESCRIPTION
Extent 382 გვ. 19 სმ.
653 ## - INDEX TERM--UNCONTROLLED
Uncontrolled term თხზულებათა სრული კრებული
653 ## - INDEX TERM--UNCONTROLLED
Uncontrolled term ლექსები
942 ## - ADDED ENTRY ELEMENTS (KOHA)
Koha item type წიგნი
ეგზემპლარები
Withdrawn status Lost status Damaged status Not for loan Date acquired Barcode Date last seen Price effective from Koha item type Public note
        2018-12-17 3596 2018-12-17 2018-12-17 წიგნი 10ლ.
        2018-12-17 38791 2018-12-17 2018-12-17 წიგნი  
        2018-12-17 38792 2018-12-17 2018-12-17 წიგნი  
        2018-12-17 38793 2018-12-17 2018-12-17 წიგნი  
        2018-12-17 38794 2018-12-17 2018-12-17 წიგნი